Statistics for Draw Borders in the Contiguous United States

Click here to take the quiz!

General Stats

  • This quiz has been taken 2,826 times
  • The average score is 84 of 109

Answers on the Map

Answers color-coded by a green-red scale on the quiz's map according to % correct below.
 

Answer Stats

Answer% Correct
Oregon Washington
92%
California Nevada
91%
California Oregon
91%
New Mexico Texas
91%
Oklahoma Texas
90%
Arizona California
89%
Arizona New Mexico
89%
Florida Georgia
89%
Louisiana Texas
89%
Idaho Montana
88%
Idaho Oregon
88%
Idaho Washington
88%
Nevada Oregon
88%
Arizona Nevada
87%
Louisiana Mississippi
87%
Montana North Dakota
87%
Nevada Utah
87%
North Dakota South Dakota
87%
Alabama Georgia
86%
Alabama Mississippi
86%
Arizona Utah
86%
Idaho Nevada
86%
Alabama Florida
85%
Colorado New Mexico
85%
Kansas Oklahoma
85%
Minnesota North Dakota
85%
Montana South Dakota
85%
North Carolina South Carolina
85%
Georgia South Carolina
84%
Idaho Utah
84%
Idaho Wyoming
84%
Minnesota South Dakota
84%
Minnesota Wisconsin
84%
Montana Wyoming
84%
Arkansas Louisiana
83%
Arkansas Oklahoma
83%
Arkansas Texas
83%
Colorado Wyoming
83%
Kentucky Tennessee
83%
Alabama Tennessee
82%
Illinois Indiana
82%
Kansas Nebraska
82%
South Dakota Wyoming
82%
Utah Wyoming
82%
Georgia Tennessee
81%
Iowa Minnesota
81%
Nebraska South Dakota
81%
Colorado Kansas
80%
Indiana Ohio
80%
Iowa Nebraska
80%
Kansas Missouri
80%
Arkansas Mississippi
79%
Arkansas Missouri
79%
Colorado Nebraska
79%
Colorado Utah
79%
Illinois Iowa
79%
Iowa Missouri
79%
Iowa South Dakota
79%
Michigan Ohio
79%
Mississippi Tennessee
79%
Missouri Oklahoma
79%
Nebraska Wyoming
79%
New Mexico Oklahoma
79%
North Carolina Virginia
79%
Arkansas Tennessee
78%
Illinois Missouri
78%
Iowa Wisconsin
78%
Virginia West Virginia
78%
Illinois Wisconsin
77%
Indiana Michigan
77%
Ohio Pennsylvania
77%
Kentucky Ohio
76%
Missouri Nebraska
76%
Illinois Kentucky
75%
Indiana Kentucky
75%
Missouri Tennessee
75%
New York Pennsylvania
75%
North Carolina Tennessee
75%
Georgia North Carolina
73%
Kentucky Missouri
73%
Maine New Hampshire
73%
Kentucky West Virginia
71%
New Hampshire Vermont
71%
New Jersey New York
71%
Ohio West Virginia
71%
Maryland Virginia
70%
New York Vermont
70%
Tennessee Virginia
70%
Kentucky Virginia
69%
Michigan Wisconsin
69%
Pennsylvania West Virginia
67%
Delaware Maryland
66%
Maryland Pennsylvania
64%
Massachusetts New York
64%
Connecticut New York
63%
Massachusetts New Hampshire
63%
Massachusetts Vermont
63%
New Jersey Pennsylvania
63%
Connecticut Massachusetts
61%
Massachusetts Rhode Island
60%
Connecticut Rhode Island
59%
Maryland West Virginia
59%
Delaware New Jersey
57%
Colorado Oklahoma
55%
Delaware Pennsylvania
55%
New Mexico Utah
46%
Arizona Colorado
41%
Washington DC Maryland
32%
Washington DC Virginia
31%

Score Distribution

Percentile by Number Answered

Percent of People with Each Score

Your Score History

You have not taken this quiz